Slovenské hlasy z Ríma časopis slovenských katolíkov

Bibliographic Details
Previous Title:Hlasy z Ríma
Format: Journal
Language:Slovak
PhysicalDescription:21 zv. 26 cm
Published: Rím Slovenský ústav sv. Cyrila a Metoda 1978-1998
ISSN:0394-8978
Subjects:

MARC

LEADER 00000cas a2200000 a 4500
001 vtls001384963
003 SK-MaSNL
005 20260228160436.0
008 000314d19781998it qr|p 0 0b0slo
022 |a 0394-8978 
035 |a SNK000339080 
040 |a SNK  |b slo  |c SNK  |e AACR2 
041 0 |a slo 
043 |a e-it--- 
044 |a it  |c IT 
072 7 |a 271/279  |x Kresťanské cirkvi, sekty, denominácie  |2 konspekt 
080 |a 050  |2 2001 
080 |a 272-726.6  |2 2001 
080 |a (=162.4)  |2 2001 
245 0 0 |a Slovenské hlasy z Ríma  |b časopis slovenských katolíkov 
246 1 1 |a Voci slovacche di Roma 
260 |a Rím  |b Slovenský ústav sv. Cyrila a Metoda  |c 1978-1998 
300 |a 21 zv.  |c 26 cm 
310 |a 4x ročne  |b 1993-1998 
321 |a 1x mesačne  |b 1978-1992 
362 0 |a Roč. XXVII, č. 1 (1978)-roč. 47, č. 2 (1998) 
515 |a Niektoré čísla vychádzajú ako dvojčíslo 
610 2 7 |a Katolícka cirkev  |2 SNKKA  |9 206702 
650 0 7 |a katolíci  |2 SNKPH  |9 4025 
650 0 7 |a Slováci v zahraničí  |2 SNKPH  |9 14695 
651 7 |a Taliansko  |2 SNKPH  |9 21019 
655 7 |a náboženské časopisy  |2 SNKPH  |9 70790 
780 0 0 |t Hlasy z Ríma  |w vtls008881962 
910 |a snk 
916 |a 1978-1998 
958 |a OND 
999 |c 2525  |d 4455 
952 |0 0  |1 0  |4 0  |7 0  |8 2  |a SNK  |b SNK  |d 2000-03-09  |f 1  |i snkČV 662/95  |l 0  |o snkČSB 1889/42/1993  |p 17A0231729  |r 2005-01-02 00:00:00  |t č. 1-4  |w 2026-02-21  |y PREZ 
952 |0 0  |1 0  |4 0  |7 0  |8 2  |a SNK  |b SNK  |d 2000-03-09  |f 1  |i snkČV 524/96  |l 0  |o snkČSB 1889/43/1994  |p 17A0231725  |r 2005-01-02 00:00:00  |t č. 1-4  |w 2026-02-21  |y PREZ 
952 |0 0  |1 0  |4 0  |7 0  |8 2  |a SNK  |b SNK  |d 2000-03-09  |f 1  |i snkČV 1321/99  |l 0  |o snkČSB 1889/44/1995  |p 17A0231724  |r 2005-01-02 00:00:00  |t č. 1-4  |w 2026-02-21  |y PREZ 
952 |0 0  |1 0  |4 0  |7 0  |8 2  |a SNK  |b SNK  |d 2000-11-14  |i snkČV 663/95  |l 0  |o snkČSB 1889/42/1993 D1  |p 17A0257241  |r 2005-01-02 00:00:00  |t č. 1-4  |w 2026-02-21  |y PREZ 
952 |0 0  |1 0  |4 0  |7 0  |8 2  |a SNK  |b SNK  |d 2000-03-14  |f 1  |i snkČV 1319/99  |l 0  |o snkČSB 1889/45/1996  |p 17A0231158  |r 2005-01-02 00:00:00  |t č. 1-4  |w 2026-02-21  |y PREZ 
952 |0 0  |1 0  |4 0  |7 0  |8 2  |a SNK  |b SNK  |d 2000-03-14  |f 1  |i snkČV 1317/99  |l 0  |o snkČSB 1889/46/1997  |p 17A0231155  |r 2005-01-02 00:00:00  |t č. 1-3  |w 2026-02-21  |y PREZ 
952 |0 0  |1 0  |4 0  |7 0  |8 2  |a SNK  |b SNK  |d 2012-10-02  |i snkV 2186/92  |l 0  |o snkČSB 1889/39/1990 D1  |p 17A0887772  |r 2026-02-21 19:43:30  |t č. 1-12  |w 2026-02-21  |y PREZ 
952 |0 0  |1 0  |4 0  |7 0  |8 2  |a SNK  |b SNK  |d 2014-06-18  |i snkV 2189/92  |l 0  |o snkČSB 1889/40/1991 D1  |p 17A0844234  |r 2026-02-21 19:54:04  |t č. 1-12  |w 2026-02-21  |y PREZ 
952 |0 0  |1 0  |4 0  |7 0  |8 2  |a SNK  |b SNK  |d 2011-03-23  |i snkV 643/93  |l 0  |o snkČSB 1889/32/1983 D1  |p 17A0692580  |r 2026-02-21 19:56:41  |t č. 1-12  |w 2026-02-21  |y PREZ 
952 |0 0  |1 0  |4 0  |7 0  |8 2  |a SNK  |b SNK  |d 1997-12-11  |f 1  |i snkV 2035/93  |l 0  |o snkČSB 1889/34/1985  |p 17A0114270  |r 2005-01-02 00:00:00  |t č. 1-12  |w 2026-02-21  |y PREZ 
952 |0 0  |1 0  |4 0  |7 0  |8 2  |a SNK  |b SNK  |d 1998-12-22  |f 1  |i snkV 2203/92  |l 0  |o snkČSB 1889/27/1978  |p 17A0390033  |r 2005-01-02 00:00:00  |t č. 1-12  |w 2026-02-21  |y PREZ 
952 |0 0  |1 0  |4 0  |7 0  |8 2  |a SNK  |b SNK  |d 2012-10-02  |i snkČV 1322/99  |l 0  |o snkČSB 1889/44/1995 D1  |p 17A0888421  |r 2026-02-21 20:30:53  |t č. 1-4  |w 2026-02-21  |y PREZ 
952 |0 0  |1 0  |4 0  |7 0  |8 2  |a SNK  |b SNK  |d 1997-10-01  |f 1  |i snkV 2199/92  |l 0  |o snkČSB 1889/33/1984  |p 17A0098584  |r 2005-01-02 00:00:00  |t č. 1-12  |w 2026-02-21  |y PREZ 
952 |0 0  |1 0  |4 0  |7 0  |8 2  |a SNK  |b SNK  |d 2000-03-08  |f 1  |i snkV 2196/92  |l 0  |o snkČSB 1889/36/1987  |p 17A0227228  |r 2005-01-02 00:00:00  |t č. 1-12  |w 2026-02-21  |y PREZ 
952 |0 0  |1 0  |4 0  |7 0  |8 2  |a SNK  |b SNK  |d 2014-11-12  |i snkV 2032/93  |l 0  |o snkČSB 1889/27/1978 D1  |p 17A1047012  |r 2026-02-21 20:32:51  |t č. 1-12  |w 2026-02-21  |y PREZ 
952 |0 0  |1 0  |4 0  |7 0  |8 2  |a SNK  |b SNK  |d 2014-11-12  |i snkV 2033/93  |l 0  |o snkČSB 1889/28/1979 D1  |p 17A1047013  |r 2026-02-21 20:32:52  |t č. 1-12  |w 2026-02-21  |y PREZ 
952 |0 0  |1 0  |4 0  |7 0  |8 2  |a SNK  |b SNK  |d 2014-11-12  |i snkČV 1320/99  |l 0  |o snkČSB 1889/45/1996 D1  |p 17A1047015  |r 2026-02-21 20:32:52  |t č. 1-4  |w 2026-02-21  |y PREZ 
952 |0 0  |1 0  |4 0  |7 0  |8 2  |a SNK  |b SNK  |d 2014-11-12  |i snkČV 1318/99  |l 0  |o snkČSB 1889/46/1997 D1  |p 17A1047016  |r 2026-02-21 20:32:52  |t č. 1-3  |w 2026-02-21  |y PREZ 
952 |0 0  |1 0  |4 0  |7 0  |8 2  |a SNK  |b SNK  |d 1997-09-29  |f 1  |i snkV 2200/92  |l 0  |o snkČSB 1889/32/1983  |p 17A0098727  |r 2005-01-02 00:00:00  |t č. 1-12  |w 2026-02-21  |y PREZ 
952 |0 0  |1 0  |4 0  |7 0  |8 2  |a SNK  |b SNK  |d 1997-11-28  |f 1  |i snkV 2179/92  |l 0  |o snkČSB 1889/35/1986  |p 17A0111010  |r 2005-01-02 00:00:00  |t č. 1-12  |w 2026-02-21  |y PREZ 
952 |0 0  |1 0  |4 0  |7 0  |8 2  |a SNK  |b SNK  |d 1998-03-09  |f 1  |i snkV 2202/92  |l 0  |o snkČSB 1889/28/1979  |p 17A0127513  |r 2005-01-02 00:00:00  |t č. 1-12  |w 2026-02-21  |y PREZ 
952 |0 0  |1 0  |4 0  |7 0  |a SNK  |b SNK  |d 2014-11-12  |i snkV 2034/93  |l 0  |o snkČSB 1889/33/1984 D1  |p 17A1047014  |r 2026-02-21 20:57:54  |t č. 1-12  |w 2026-02-21  |y PREZ 
952 |0 0  |1 0  |4 0  |7 3  |a SNK  |b SNK  |d 2000-11-14  |i snkV 2037/93  |l 0  |o snkČSB 1889/35/1986 D1  |p 17A0257684  |r 2005-01-02 00:00:00  |t č. 1-12  |w 2026-02-21  |y NEVYP 
952 |0 0  |1 0  |4 0  |7 0  |8 2  |a SNK  |b SNK  |d 1997-12-05  |f 1  |i snkV 2195/92  |l 0  |o snkČSB 1889/37/1988  |p 17A0110136  |r 2005-01-02 00:00:00  |t č. 1-12  |w 2026-02-21  |y PREZ 
952 |0 0  |1 0  |4 0  |7 0  |8 2  |a SNK  |b SNK  |d 1999-03-12  |i snkV 2039/93  |l 0  |o snkČSB 1889/37/1988 D1  |p 17A0184195  |r 2005-01-02 00:00:00  |t č. 1-12  |w 2026-02-21  |y PREZ 
952 |0 0  |1 0  |4 0  |7 0  |8 2  |a SNK  |b SNK  |d 2000-03-08  |f 1  |i snkV 2191/92  |l 0  |o snkČSB 1889/38/1989  |p 17A0227129  |r 2005-01-02 00:00:00  |t č. 1-12  |w 2026-02-21  |y PREZ 
952 |0 0  |1 0  |4 0  |7 0  |8 2  |a SNK  |b SNK  |d 2000-03-08  |f 1  |i snkV 2190/92  |l 0  |o snkČSB 1889/39/1990  |p 17A0227201  |r 2005-01-02 00:00:00  |t č. 1-12  |w 2026-02-21  |y PREZ 
952 |0 0  |1 0  |4 0  |7 0  |8 2  |a SNK  |b SNK  |d 2000-03-09  |f 1  |i snkV 2188/92  |l 0  |o snkČSB 1889/40/1991  |p 17A0231720  |r 2005-01-02 00:00:00  |t č. 1-12  |w 2026-02-21  |y PREZ 
952 |0 0  |1 0  |4 0  |7 0  |8 2  |a SNK  |b SNK  |d 2000-03-09  |f 1  |i snkČV 5265/94  |l 0  |o snkČSB 1889/41/1992  |p 17A0231699  |r 2005-01-02 00:00:00  |t č. 1-12  |w 2026-02-21  |y PREZ 
952 |0 0  |1 0  |4 0  |7 0  |8 2  |a SNK  |b SNK  |d 2000-03-09  |i snkČV 2677/94  |l 0  |o snkČSB 1889/41/1992 D1  |p 17A0231701  |r 2005-01-02 00:00:00  |t č. 1-12  |w 2026-02-21  |y PREZ 
952 |0 0  |1 0  |4 0  |7 0  |8 2  |a SNK  |b SNK  |d 2000-11-14  |i snkV 2040/93  |l 0  |o snkČSB 1889/38/1989 D1  |p 17A0257252  |r 2005-01-02 00:00:00  |t č. 1-12, neúpl.  |w 2026-02-21  |y PREZ  |z chýba č. 10 
952 |0 0  |1 0  |4 0  |7 0  |a SNK  |b SNK  |d 2005-03-14  |f 1  |i snkČV 527/2001  |l 0  |o snkČSB 1889/47/1998  |p 17A0462795  |r 2026-02-21 21:10:46  |t č. 1-2  |w 2026-02-21  |y PREZ 
952 |0 0  |1 0  |4 0  |7 0  |8 2  |a SNK  |b SNK  |d 1996-11-20  |f 1  |i snkV 2124/96  |l 0  |o snkČSB 1889/31/1982  |p 17A0022326  |r 2005-01-01 00:00:00  |t č. 1-12  |w 2026-02-21  |y PREZ 
952 |0 0  |1 0  |4 0  |7 0  |8 2  |a SNK  |b SNK  |d 1996-11-20  |i snkV 2125/96  |l 0  |o snkČSB 1889/31/1982 D1  |p 17A0022325  |r 2005-01-01 00:00:00  |t č. 1-12  |w 2026-02-21  |y PREZ 
952 |0 0  |1 0  |4 0  |7 0  |8 2  |a SNK  |b SNK  |d 1996-11-20  |f 1  |i snkV 2122/96  |l 0  |o snkČSB 1889/30/1981  |p 17A0022324  |r 2005-01-01 00:00:00  |t č. 1-12  |w 2026-02-21  |y PREZ 
952 |0 0  |1 0  |4 0  |7 0  |8 2  |a SNK  |b SNK  |d 1996-11-20  |i snkV 2123/96  |l 0  |o snkČSB 1889/30/1981 D1  |p 17A0022323  |r 2005-01-01 00:00:00  |w 2026-02-21  |y PREZ  |z nie je 
952 |0 0  |1 0  |4 0  |7 0  |8 2  |a SNK  |b SNK  |d 1996-11-20  |f 1  |i snkV 2201/92  |l 0  |o snkČSB 1889/29/1980  |p 17A0110741  |r 2005-01-01 00:00:00  |t č. 1-12  |w 2026-02-21  |y PREZ 
952 |0 0  |1 0  |4 0  |7 0  |8 2  |a SNK  |b SNK  |d 1996-11-20  |i snkV 2121/96  |l 0  |o snkČSB 1889/29/1980 D1  |p 17A0022298  |r 2005-01-01 00:00:00  |t č. 1-12, neúpl.  |w 2026-02-21  |y PREZ  |z chýba č. 10-12 
952 |0 0  |1 0  |4 0  |7 0  |8 2  |a SNK  |b SNK  |d 2012-10-15  |i snkV 2036/93  |l 0  |o snkČSB 1889/34/1985 D1  |p 17A1051646  |r 2026-02-21 21:40:52  |t č. 1-12  |w 2026-02-21  |y PREZ 
952 |0 0  |1 0  |4 0  |7 0  |8 2  |a SNK  |b SNK  |d 2012-10-15  |i snkV 2038/93  |l 0  |o snkČSB 1889/36/1987 D1  |p 17A1052092  |r 2026-02-21 21:40:52  |t č. 1-12  |w 2026-02-21  |y PREZ 
952 |0 0  |1 0  |4 0  |7 0  |8 1  |a SNK  |b SNK  |d 2016-01-11  |i snk2016/265  |l 0  |o snkČSB 1889/47/1998 D1  |p 17A1097125  |r 2026-02-21 21:53:35  |t č. 1-2, neúpl.  |w 2026-02-21  |y PREZ  |z chýba č. 1